LEADER 01459nam a2200313 a 4500 001 000000146090 003 CaOOAMICUS 005 20150928155716.0 008 150928s1990 it a u000 u ita r 040 $aPUL$bita 041 1 $aita$aeng 100 0 $aIoannes Henricus Newman,$csanto,$d1801-1890.$0(OLS)http://pul/name/8149 245 10$aMalattia di Sicilia :$bil viaggio di Newman in Sicilia 1833 /$cJohn Henry Newman ; a cura di Cosimo Scordato e Rosario La Delfa. 260 $aPalermo :$bFondazione Lauro Chiazzese,$c1990. 300 $aXXIII, 245 p. :$bill. ;$c21 cm 504 $aBibliografia in nota. 546 $aIntroduzione in italiano, testo inglese. 600 04$aIohannes Henricus Newman,$cs.,$d1801-1890$xBiografia.$0(OLS)http://pul/subject/18072 700 1 $aScordato, Cosimo.$0(OLS)http://pul/name/85964 700 1 $aLa Delfa, Rino.$0(OLS)http://pul/name/78894 850 $aPUL 852 $aPUL$W1$xDP1 Fondo S. Lanza$y121$m9 A 14$j131600$qFondi$B169743$CPULBib$Z2$F169743 $HLan2454 $82 900 $aNewman, John Henry$ccard.,$d1801-1890$98149 900 $aIohannes Henricus Newman,$csanto,$d1801-1890$98149 900 $aJohannes Henricus Newman,$cs.,$d1801-1890$98149 941 1 $a1 996 $6245$aMalattia di Sicilia :$bil viaggio di Newman in Sicilia 1833$9(OLS)http://pul/title/168607 996 $6260$aPalermo :$bFondazione Lauro Chiazzese$9(OLS)http://pul/publisher/83841 LEADER 01865nam a2200385 a 4500 001 000000140801 003 CaOOAMICUS 005 20141205094819.0 008 141205m19469999it u000 u ita r 040 $aPUL$bita 041 1 $aita$hgrc 100 0 $aPlato,$d427-347 a.C.$0(OLS)http://pul/name/250 245 10$aDialoghi /$cPlatone. 250 $a3. ed. 260 $aBari :$bLaterza,$c1946- 300 $av. ;$c21 cm 490 1 $aFilosofi antichi e medievali 505 0 $aV. 4. Eutidemo. Protagora. Gorgia. Menone. Ippia Maggiore. Ippia Minore. Ione. Menesseno / tradotti da Francesco Zambaldi -- v. 5. Il Clitofonte e la Repubblica / tradotti da Carolo Oreste Zuretti. 700 1 $aZambaldi, Francesco,$d1837-1927.$0(OLS)http://pul/name/21208 700 1 $aZuretti, Carlo Oreste.$0(OLS)http://pul/name/90741 740 02$aEutidemo. Protagora. Gorgia. Menone. Ippia Maggiore. Ippia Minore. Ione. Menesseno. 740 32$aIl Clitofonte e la Repubblica. 830 0$aFilosofi antichi e medievali.$0(OLS)http://pul/title/8188 850 $aPUL 852 $aPUL$W1$xDP1 Fondo Capitani$y116$m2 A 76.4.4$j162557$av. 4$qFondi$B162170$CPULBib$Z2$F162170 $HCap859 $82 852 $aPUL$W1$xDP1 Fondo Capitani$y116$m2 A 76.4.5$j162558$av. 5$qFondi$B162171$CPULBib$Z2$F162171 $HCap860 $82 900 $aPlatone,$d427-347 a.C.$9250 941 1 $a1 961 $aNota ms. di possesso: Capitani. 961 $aNota ms. di possesso: Capitani. 996 $6740$aIl Clitofonte e la Repubblica$9(OLS)http://pul/title/178151 996 $6245$aDialoghi$9(OLS)http://pul/title/24038 996 $6740$aEutidemo. Protagora. Gorgia. Menone. Ippia Maggiore. Ippia Minore. Ione. Menesseno$9(OLS)http://pul/title/178150 996 $6260$aBari :$bLaterza$9(OLS)http://pul/publisher/47895